The Geography of Urban Transportation / (Record no. 531841)
[ view plain ]
| 000 -LEADER | |
|---|---|
| fixed length control field | 00403nam a2200157Ia 4500 |
| 005 - DATE AND TIME OF LATEST TRANSACTION | |
| control field | 20191029152611.0 |
| 008 - FIXED-LENGTH DATA ELEMENTS--GENERAL INFORMATION | |
| fixed length control field | 190125s9999 xx 000 0 und d |
| 040 ## - CATALOGING SOURCE | |
| Transcribing agency | DLC |
| 082 ## - DEWEY DECIMAL CLASSIFICATION NUMBER | |
| Classification number | 388.4 |
| Author Mark | HAN |
| 100 ## - MAIN ENTRY--PERSONAL NAME | |
| Personal name | Susan Hanson |
| 9 (RLIN) | 13603 |
| 245 ## - TITLE STATEMENT | |
| Title | The Geography of Urban Transportation / |
| 250 ## - EDITION STATEMENT | |
| Edition statement | 3rd |
| 260 ## - PUBLICATION, DISTRIBUTION, ETC. | |
| Name of publisher, distributor, etc. | The Guilford Press |
| Place of publication, distribution, etc. | New York |
| Date of publication, distribution, etc. | 2004 |
| 300 ## - PHYSICAL DESCRIPTION | |
| Extent | xii, 419 p. : |
| 942 ## - ADDED ENTRY ELEMENTS (KOHA) | |
| Source of classification or shelving scheme | |
| Koha item type | Book |
| Withdrawn status | Lost status | Source of classification or shelving scheme | Damaged status | Not for loan | Permanent Location | Current Location | Date acquired | Total Checkouts | Full call number | Barcode | Date last seen | Price effective from | Koha item type | Checked out | Date last checked out |
|---|---|---|---|---|---|---|---|---|---|---|---|---|---|---|---|
| School of Civil and Environmental Engineering (SCEE) | School of Civil and Environmental Engineering (SCEE) | 10/29/2019 | 388.4 HAN | NIT-11757 | 10/29/2019 | 10/29/2019 | Book | ||||||||
| School of Civil and Environmental Engineering (SCEE) | School of Civil and Environmental Engineering (SCEE) | 10/29/2019 | 388.4 HAN | NIT-11759 | 10/29/2019 | 10/29/2019 | Book | ||||||||
| School of Civil and Environmental Engineering (SCEE) | School of Civil and Environmental Engineering (SCEE) | 10/29/2019 | 1 | 388.4 HAN | NIT-11760 | 01/04/2022 | 10/29/2019 | Book | 05/04/2022 | 01/04/2022 |
